Business options
This title offers a course to enable professionals to communicate more confidently in English both in and out of the workplace.
Saved in:
| Main Author: | |
|---|---|
| Format: | Book |
| Language: | Undetermined |
| Published: |
Oxford
Oxford University Press
1999
|
| Subjects: | |
| Tags: |
Add Tag
No Tags, Be the first to tag this record!
|
| Institutions: | Trung tâm Học liệu Trường Đại học Cần Thơ |
|---|
| LEADER | 00643nam a2200205Ia 4500 | ||
|---|---|---|---|
| 001 | CTU_118870 | ||
| 008 | 210402s9999 xx 000 0 und d | ||
| 082 | |a 428.34 | ||
| 082 | |b W215/Cas.2 | ||
| 100 | |a Wallwork, Adrian | ||
| 245 | 0 | |a Business options | |
| 245 | 0 | |c Adrian Wallwork | |
| 260 | |a Oxford | ||
| 260 | |b Oxford University Press | ||
| 260 | |c 1999 | ||
| 520 | |a This title offers a course to enable professionals to communicate more confidently in English both in and out of the workplace. | ||
| 650 | |a English language | ||
| 650 | |x Listening | ||
| 904 | |i M.Loan | ||
| 980 | |a Trung tâm Học liệu Trường Đại học Cần Thơ | ||